KOHA-Header-6

Design and Analysis of Algorithms (Record no. 12605)

000 -LEADER
fixed length control field 00268nam a22001217a 4500
020 ## - INTERNATIONAL STANDARD BOOK NUMBER
ISBN 9788131799437
082 ## - DEWEY DECIMAL CLASSIFICATION NUMBER
Classification number QA9.58
100 ## - MAIN ENTRY--AUTHOR NAME
Personal name Himanshu B Dave
245 ## - TITLE STATEMENT
Title Design and Analysis of Algorithms
250 ## - EDITION STATEMENT
Edition statement 2nd
260 ## - PUBLICATION, DISTRIBUTION, ETC. (IMPRINT)
Place of publication India
Name of publisher Pearson
Year of publication 2013
942 ## - ADDED ENTRY ELEMENTS (KOHA)
Koha item type Books
Holdings
Withdrawn status Lost status Collection code Permanent Location Current Location Shelving location Date acquired Full call number Accession Number Koha item type
    Computer Science MAJU MAJU Shelf No.A32 2020-10-10 QA9.58 9793 Computer Science

Powered by Koha